000 00337nam a22001457a 4500
020 _qHB.
040 _cFIZZA ISHAQ
082 _a551.303
_bDAV
100 _aBELL, H. DAVID.
_986515
245 _aLANDSLIDES GLISSENTS /
_cDAVID H. BELL.
250 _a1sT ED.
260 _bNETHOR GOOD,
_c1991.
300 _a851 P. ;
942 _2ddc
_cBK
999 _c587362
_d587362